Quartermaster Corps : Real estate, general provisions.

Bibliographic Details
Format: Government Document eBook
Language:English
Published: [Washington] : GPO, 1924.
Subjects:
Online Access:Connect to the full text of this electronic document

MARC

Tag First Indicator Second Indicator Subfields
LEADER 00000cam a22000001a 4500
001 in00003694413
005 20190408181455.0
006 m o d f
007 cr bn mmmapmmp
008 141204s1924 dcu o f000 0 eng d
035 |a ebd1910304349 
040 |a UMI  |c UMI  |d UtOrBLW 
086 0 |a W 1.6:30-1410/2 
099 |a W1.6-139.2 
245 0 0 |a Quartermaster Corps :  |b Real estate, general provisions. 
264 1 |a [Washington] :  |b GPO,  |c 1924. 
300 |a 1 online resource (3 pages) 
336 |a text  |b txt  |2 rdacontent 
337 |a computer  |b c  |2 rdamedia 
338 |a online resource  |b cr  |2 rdacarrier 
533 |a Electronic reproduction.  |b [Bethesda, Md.] :  |c ProQuest,  |d 2014.  |e digital, PDF file.  |n ProQuest U.S. Executive Branch Documents  |n Mode of access: World Wide Web via ProQuest website. 
588 |a Record is based on online resource; title from PDF title page (ProQuest, last viewed Dec. 2014). Reuse except for individual research requires license from ProQuest, LLC. 
500 |a Electronic resource. 
610 1 0 |a United States.  |b Army.  |b Quartermaster Corps.  |0 http://id.loc.gov/authorities/names/n82040271 
650 0 |a Military bases.  |0 http://id.loc.gov/authorities/subjects/sh85085159 
655 7 |a Electronic books.  |2 local 
856 4 0 |u http://proxy.library.tamu.edu/login?url=http://congressional.proquest.com/congressional/docview/t66.d71.w1.6-139.2  |z Connect to the full text of this electronic document  |t 0 
999 f f |s 78529a65-de37-329f-b9f7-efc5aee76e13  |i 47a5e1b2-76f5-3b34-9941-b481a2a30530  |t 0 
952 f f |a Texas A&M University  |b College Station  |c Electronic Resources  |d Available Online  |t 0  |h No information provided 
998 f f |t 0  |l Available Online